<?xml version="1.0" encoding="UTF-8"?>
<record
    xmlns:xsi="http://www.w3.org/2001/XMLSchema-instance"
    xsi:schemaLocation="http://www.loc.gov/MARC21/slim http://www.loc.gov/standards/marcxml/schema/MARC21slim.xsd"
    xmlns="http://www.loc.gov/MARC21/slim">

  <leader>00771nam a2200205 a 4500</leader>
  <controlfield tag="001">1581</controlfield>
  <controlfield tag="003">BR-CuiBMT</controlfield>
  <controlfield tag="005">20231215235511.0</controlfield>
  <controlfield tag="008">231128s2015    mtba          000 0 por d</controlfield>
  <datafield tag="040" ind1=" " ind2=" ">
    <subfield code="a">BR-CuiBMT</subfield>
    <subfield code="c">BR-CuiBMT</subfield>
  </datafield>
  <datafield tag="080" ind1=" " ind2=" ">
    <subfield code="a">351.94:336.148</subfield>
    <subfield code="x">(047)</subfield>
    <subfield code="2">2007</subfield>
  </datafield>
  <datafield tag="090" ind1=" " ind2=" ">
    <subfield code="d">TCE/MT</subfield>
    <subfield code="a">351.94:336.148(047)</subfield>
    <subfield code="b">M433r</subfield>
  </datafield>
  <datafield tag="110" ind1="1" ind2=" ">
    <subfield code="a">Mato Grosso.</subfield>
    <subfield code="b">Tribunal de Contas.</subfield>
  </datafield>
  <datafield tag="245" ind1="1" ind2="0">
    <subfield code="a">Diagn&#xF3;stico da gest&#xE3;o estrat&#xE9;gica das unidades gestoras /</subfield>
    <subfield code="c">Tribunal de Contas do Estado de Mato Grosso ; Ant&#xF4;nio Joaquim Moraes Rodrigues Neto (Presidente).</subfield>
  </datafield>
  <datafield tag="260" ind1=" " ind2=" ">
    <subfield code="a">Cuiab&#xE1; :</subfield>
    <subfield code="b">TCE-MT,</subfield>
    <subfield code="c">2015.</subfield>
  </datafield>
  <datafield tag="300" ind1=" " ind2=" ">
    <subfield code="a">46 p.:</subfield>
    <subfield code="b">il.</subfield>
    <subfield code="c">30 cm</subfield>
  </datafield>
  <datafield tag="650" ind1=" " ind2=" ">
    <subfield code="a">Tribunal de Contas</subfield>
    <subfield code="v">Or&#xE7;amento</subfield>
    <subfield code="z">Mato Grosso</subfield>
  </datafield>
  <datafield tag="650" ind1=" " ind2=" ">
    <subfield code="a">Contas governamentais</subfield>
    <subfield code="x">Relat&#xF3;rios e pareceres </subfield>
    <subfield code="z">Mato Grosso</subfield>
  </datafield>
  <datafield tag="942" ind1=" " ind2=" ">
    <subfield code="2">udc</subfield>
    <subfield code="c">LV</subfield>
  </datafield>
  <datafield tag="952" ind1=" " ind2=" ">
    <subfield code="0">0</subfield>
    <subfield code="1">0</subfield>
    <subfield code="2">udc</subfield>
    <subfield code="4">0</subfield>
    <subfield code="7">0</subfield>
    <subfield code="a">BIBTCEMT</subfield>
    <subfield code="b">BIBTCEMT</subfield>
    <subfield code="d">2023-12-15</subfield>
    <subfield code="l">0</subfield>
    <subfield code="o">351.94:336.148(047) M433r</subfield>
    <subfield code="p">BIBTCEMT23120640</subfield>
    <subfield code="r">2023-12-15</subfield>
    <subfield code="t">Ex. 1</subfield>
    <subfield code="w">2023-12-15</subfield>
    <subfield code="y">LV</subfield>
  </datafield>
  <datafield tag="999" ind1=" " ind2=" ">
    <subfield code="c">1581</subfield>
    <subfield code="d">1581</subfield>
  </datafield>
</record>
